000 00359nam a22001457a 4500
003 OSt
008 250611b |||||||| |||| 00| 0 eng d
020 _a9789386956880
100 _aSWAMI, Prabhupada
245 _aSrimadbhagabatam Canto 9
260 _aMumbai
_b The Bhaktivedanta Book Trust
_c2021
300 _a569
650 _aGeneral
942 _2ddc
_cBK
999 _c13656
_d13656